| 000 | 00872nam a2200265 i 4500 | ||
|---|---|---|---|
| 001 | 180860 | ||
| 003 | ES-MaACL | ||
| 005 | 20250821102029.0 | ||
| 008 | 120723s1991 sp aeo |||| | spa d | ||
| 020 | _a84-7679-199-2 | ||
| 080 | _a271.12(460.181)"11/12" | ||
| 080 | _a726.71(460.181) | ||
| 100 | 1 |
_aValle Pérez, José Carlos _9151137 |
|
| 245 | 1 | 0 |
_aArquitectura cisterciense en León / _cpor José Carlos Valle Pérez. |
| 260 |
_aMadrid : _bHistoria Viva, _c[1991] |
||
| 300 |
_aVIII, 31 p : _bil. col. y n. ; _c24 cm. |
||
| 490 | 1 |
_aCuadernos de arte español ; _v58 |
|
| 504 | _aBibliografía: p: 31. | ||
| 594 | _aEn cub.: Historia 16. | ||
| 610 | 2 | 7 |
_aCistercienses. _9151139 |
| 650 | 7 |
_aMonasterios cistercienses. _9151138 |
|
| 830 | 0 | 0 |
_aCuadernos de arte español _v58 _9191338 |
| 852 |
_aES-MaACL _j2314-F-34 |
||
| 999 |
_c180860 _d180860 |
||